Human development profile of the Indian states(NCAER Working paper no. 52) (Record no. 40812)

MARC details
000 -LEADER
fixed length control field 00403nam a2200145Ia 4500
082 ## - DEWEY DECIMAL CLASSIFICATION NUMBER
Classification number 330.34
Item number CHA
100 ## - MAIN ENTRY--AUTHOR NAME
Personal name Chakrabarty, G
245 #0 - TITLE STATEMENT
Title Human development profile of the Indian states(NCAER Working paper no. 52)
260 ## - PUBLICATION, DISTRIBUTION, ETC. (IMPRINT)
Place of publication New Delhi
Name of publisher NCAER
Year of publication 1995
650 ## - SUBJECT ADDED ENTRY--TOPICAL TERM
Topical Term Indian population
650 ## - SUBJECT ADDED ENTRY--TOPICAL TERM
Topical Term Population
700 ## - ADDED ENTRY--PERSONAL NAME
Personal name Pal, S P
942 ## - ADDED ENTRY ELEMENTS (KOHA)
Koha item type Books
Holdings
Withdrawn status Lost status Damaged status Not for loan Home library Current library Date acquired Cost, normal purchase price Full call number Accession Number Koha item type
        RRII Library RRII Library 16/12/2021 150.00 330.34 CHA 21107 Books